00511nam a2200181 a 4500001001300000003000900013005001700022008004100039020001000080082001600090245003700106260004700143300000900190500003500199505002300234650002500257710004700282nice12345678IN_TiNIC20260116015238.0050524s2001 newa gry 000 0 eng  ac24000a954.050bRR aIndia 2001b a Reference Annual. aNew DelhibPublication Division Govtc2001 a873p aincludes index and biblioraphy2 aXerox copy -bound. aIndia-Year Book-20012 aResearch, Reference and Tralining Division